World yearbook of education 1987 vocational education (Record no. 1377869)

MARC details
000 -LEADER
fixed length control field 00542nam a2200193Ia 4500
005 - DATE AND TIME OF LATEST TRANSACTION
control field 20250508162643.0
008 - FIXED-LENGTH DATA ELEMENTS--GENERAL INFORMATION
fixed length control field 008 250505s9999 xx 000 0 eng d
037 ## - SOURCE OF ACQUISITION
Stock number Reference
040 ## - CATALOGING SOURCE
Original cataloging agency FEDL
Language of cataloging eng
Transcribing agency FEDL
041 ## - LANGUAGE CODE
Language code of text/sound track or separate title eng
Source of code eng
084 ## - COLON CLASSIFICATION NUMBER
Classification number 370.58, WOR
Assigning agency FEDL
100 ## - MAIN ENTRY--PERSONAL NAME
Personal name Twining John Ed.
9 (RLIN) 773709
245 #0 - TITLE STATEMENT
Title World yearbook of education 1987 vocational education
260 ## - PUBLICATION, DISTRIBUTION, ETC.
Place of publication, distribution, etc. London, UK
Name of publisher, distributor, etc. Kogan Page
Date of publication, distribution, etc. 1987
300 ## - PHYSICAL DESCRIPTION
Extent 318p.
365 ## - TRADE PRICE
Price type code GBP
Price amount 19.5
942 ## - ADDED ENTRY ELEMENTS (KOHA)
Koha item type Reference
Classification part 370.58, WOR
Holdings
Withdrawn status Lost status Damaged status Not for loan Home library Current library Date acquired Cost, normal purchase price Total Checkouts Full call number Barcode Date last seen Price effective from Koha item type
        Department of Education Library Department of Education Library 2025-05-08 19.50   370.58, WOR EL0070426 2025-05-08 2025-05-08 Reference
Copyright @ Delhi University Library System